000 01040nam a22003017a 4500
001 9091
003 FISKH
005 20251119134431.0
008 251119b cb ||||| |||| 00| 0 eng d
020 _a9788120731325
040 _aFISKH
_beng
_cFISKH
_dFISKH
050 _a PZ7.L32382 B
082 _a363.1
100 _aLarsen, Margie
245 _aBarney says , " play safely " /
_cWritten by Margie Larsen, M.Ed. and Mary Ann Dudko, Ph.D. : Illustrated by Bill Langley
260 _aNew Delhi :
_bSterling Publishers ,
_c2006.
300 _a20 unnumbered pages :
_bcolor illustrations ;
_c22 X 22 cm .
505 _aC
520 _aOn a trip to the park, Barney teaches BJ how to safely ride a bicycle and use the playground equipment.
521 8 _a90
_bLexile estimate
521 8 _aC
_bRaz-Plus
650 _aChildren
_vChildren's Books
650 _aPlayground
_vChildren's Books
650 _aSafety
_vChildren's Books
700 _aLandley, Bill
_eIllustrator
942 _2ddc
_cBK
_n0
999 _c9091
_d9091